000 00567nam a2200193 4500
005 20241021143948.0
010 _aENG-142199
020 _c995.00
_a9788181523235
035 _aEN-125731
037 _bDBAD
082 _a351
100 _aPrakash, Anand
_973052
245 _aPublic Administration:
_cby Anand Prakash
_bTheory and Practice/
250 _aFirst
260 _aJaipur
_bBook Enclave
_c2013
270 _aF-11, S.S. Tower, Dhamani Street, Chaura Rasta,
_bJaipur
_e302003
300 _a280p.
_c22cm(hb)
942 _2ddc
_cEN
_h351
_mPRA
999 _c206519
_d206519